History Quiz

Random History or Decade Quiz
Score 0/10 Timer 03:00
1 Play Today
% Correct
1969- Apollo 11 Moon landing
94.5%
1968- Assassination of MLK Jr.
77.5%
1963- JFK Jr.'s salute to his
father's coffin
68.7%
1962- Cuban Missile Crisis
66.4%
1967- Six-Day War between Israel
and its Arab neighbors
66.2%
1964- The Beatles on the 'Ed Sullivan Show'
63.5%
1966- England's World Cup victory
against West Germany
59.8%
1965- 'The Sound of Music'
was released
56.6%
1961- Berlin Wall was built
47.8%
1960- 'To Kill a Mockingbird'
was published
40.2%
Remove Ads.
Support Sporcle.
Get the best of Sporcle when you Go Orange. This ad-free experience offers more features, more stats, and more fun while also helping to support Sporcle. Thank you for becoming a member.

You're not logged in!

Compare scores with friends on all Sporcle quizzes.
OR
Log In

Show Comments

Extras

Top Quizzes Today


Score Distribution

Your Account Isn't Verified!

In order to create a playlist on Sporcle, you need to verify the email address you used during registration. Go to your Sporcle Settings to finish the process.

Report this User

Report this user for behavior that violates our Community Guidelines.

Details: